Modern economics: principles and policy, macroeconomics (Record no. 55)

MARC details
000 -LEADER
fixed length control field 00939nam a22001817a 4500
008 - FIXED-LENGTH DATA ELEMENTS--GENERAL INFORMATION
fixed length control field 110901t xxu||||| |||| 00| 0 eng d
020 ## - INTERNATIONAL STANDARD BOOK NUMBER
International Standard Book Number 052867255X 9780528672552
050 ## - LIBRARY OF CONGRESS CALL NUMBER
Classification number HB171.5 .L34
100 ## - MAIN ENTRY--PERSONAL NAME
Personal name Lancaster, Kelvin
Fuller form of name Kelvin Lancaster
245 ## - TITLE STATEMENT
Title Modern economics: principles and policy, macroeconomics
Statement of responsibility, etc. Kelvin Lancaster
260 ## - PUBLICATION, DISTRIBUTION, ETC.
Place of publication, distribution, etc. Chicago
Name of publisher, distributor, etc. Rand McNally
Date of publication, distribution, etc. [1973]
300 ## - PHYSICAL DESCRIPTION
Extent xiv, 738 p.
Other physical details illus., diagrs., graphs
Dimensions 24 cm
440 ## - SERIES STATEMENT/ADDED ENTRY--TITLE
Title Rand McNally economics series
500 ## - GENERAL NOTE
General note Includes bibliography
505 ## - FORMATTED CONTENTS NOTE
Formatted contents note Contents: Part I. Introduction -- Parts II, III, and IV (pages 65-370) appear in the Microeconomics volume -- Part V. Macroeconomics -- Part VI. Applications of macroeconomic analysis -- Part VII. Money and banks -- Part VIII. Macroeconomic policy -- Pat IX. International economics -- Part X. Total economic policy -- List of capsule supplements: chaps. 1-36
650 ## - SUBJECT ADDED ENTRY--TOPICAL TERM
Topical term or geographic name entry element Macroeconomics
942 ## - ADDED ENTRY ELEMENTS (KOHA)
Source of classification or shelving scheme Library of Congress Classification
Koha item type Books
Holdings
Withdrawn status Lost status Source of classification or shelving scheme Damaged status Not for loan Home library Current library Shelving location Date acquired Total Checkouts Full call number Barcode Date last seen Copy number Price effective from Koha item type
    Library of Congress Classification     WISCONSIN INTERNATIONAL UNIVERSITY COLLEGE, GHANA - MAIN LIBRARY WISCONSIN INTERNATIONAL UNIVERSITY COLLEGE, GHANA - MAIN LIBRARY General Stacks 01/09/2011   HB171.5 .L34 071/11 01/09/2011 1 01/09/2011 Books

If you have any concerns or questions; kindly contact the library


© Powered by WIUC ICT DIRECTORATE